000 00783cam a2200289 i 4500
001 768714001
003 CO-MdFUSB
005 20241204135401.0
007 ta
008 241204t1955 -sp||||| |||| 00| 0 spa d
040 _cCO-MdFUSB
041 0 _aspa
082 0 4 _223
_a238
_b G215c
100 1 _aGarcía Mazo, Santiago José
_eautor
245 1 0 _aEl catecismo de la doctrina cristiana
_c/ D. Santiago José García Mazo
250 _a5
264 1 _aVelázques , Madrid, España :
_bApostolado de la Prensa,
_c[1933]
264 4 _c©1933
300 _a664 páginas
336 _atexto
_btxt
_2rdacontent
337 _2rdamedia
_asin mediación
_bn
338 _2rdacarrier
_avolumen
_bnc
563 _aRustico
653 _aCatecismo
942 _cBK
945 _aMiguel
999 _c35209
_d35209